Endless journey: (Record no. 363782)
[ view plain ]
| 000 -LEADER | |
|---|---|
| fixed length control field | 00476nam a2200145Ia 4500 |
| 008 - FIXED-LENGTH DATA ELEMENTS--GENERAL INFORMATION | |
| fixed length control field | 200626s9999 xx 000 0 und d |
| 020 ## - INTERNATIONAL STANDARD BOOK NUMBER | |
| International Standard Book Number | 978-971-95189-2-1 |
| 100 ## - MAIN ENTRY--PERSONAL NAME | |
| Personal name | Almonte, Jose T. |
| 245 ## - TITLE STATEMENT | |
| Statement of responsibility, etc | Jose T Almonte; Marites Dañguilan Vitug |
| Title | Endless journey: |
| Remainder of title | A memoir |
| 260 ## - PUBLICATION, DISTRIBUTION, ETC. (IMPRINT) | |
| Place of publication, distribution, etc | PH : |
| Name of publisher, distributor, etc | The Asia foundation |
| Date of publication, distribution, etc | 2015 |
| 300 ## - PHYSICAL DESCRIPTION | |
| Extent | iii, 365 pages |
| 500 ## - GENERAL NOTE | |
| General note | Includes epilogue and index. |
| 650 ## - SUBJECT ADDED ENTRY--TOPICAL TERM | |
| Topical term or geographic name as entry element | Almonte, Jose T. |
| 650 ## - SUBJECT ADDED ENTRY--TOPICAL TERM | |
| Topical term or geographic name as entry element | Generals -- Philippines -- Biography. |
| Withdrawn status | Lost status | Damaged status | Home library | Current library | Shelving location | Date acquired | Total Checkouts | Full call number | Barcode | Date last seen | Price effective from | Koha item type | Source of classification or shelving scheme | Source of acquisition | Sub Shelving location |
|---|---|---|---|---|---|---|---|---|---|---|---|---|---|---|---|
| Southville International School Affiliated with Foreign Universities Library | Southville International School Affiliated with Foreign Universities Library | Southville Foreign University Section | 06/26/2020 | DS 686.616 .Al452 2015 | SFU2637 | 06/26/2020 | 06/26/2020 | Books | |||||||
| Southville International School Affiliated with Foreign Universities Library | Southville International School Affiliated with Foreign Universities Library | Southville Foreign University Section | 06/27/2020 | DS 686.616 .Al452 2015 | SFU1032 | 06/27/2020 | 06/27/2020 | Books | Library of Congress Classification | Donation |